[Event "Khanty-Mansiysk FIDE GP"]
[Site "Khanty-Mansiysk"]
[Date "2015.05.14"]
[Round "1"]
[White "Vachier Lagrave, Maxime"]
[Black "Gelfand, Boris"]
[Result "1/2-1/2"]
[WhiteElo "2754"]
[BlackElo "2744"]
[Annotator "Gormally,D"]
[PlyCount "65"]
[EventDate "2015.05.14"]
[EventType "tourn"]
[EventRounds "11"]
[EventCountry "RUS"]
[EventCategory "21"]
[SourceTitle "CBM 167"]
[Source "ChessBase"]
[SourceDate "2015.07.13"]
[SourceVersion "1"]
[SourceVersionDate "2015.07.13"]
[SourceQuality "1"]

1. e4 {[%emt 0:00:36]} c5 {[%emt 0:00:33]} 2. Nf3 {[%emt 0:00:34]} Nc6 {
[%emt 0:00:33]} 3. Bb5 {[%emt 0:00:36]} e6 {[%emt 0:00:34]} 4. O-O {[%emt 0:00:
34]} Nge7 {[%emt 0:00:32]} 5. d4 {[%emt 0:00:36] This seems slightly odd to me
- in fact before I saw this game I wasn't even aware it was a variation - why
put the bishop on b5 and then play d4? But it's suprisingly effective. White
is playing on the fact that the Black knight on e7 has to eventually go to g6,
a far from ideal square for it.} cxd4 {[%emt 0:00:35]} 6. Nxd4 {[%emt 0:00:34]}
Ng6 {[%emt 0:00:56]} (6... Qb6 7. Nxc6 $1 bxc6 (7... Qxb5 {at first looks the
most natural reply.} 8. Nd4 $1 Qc5 (8... Qa6 9. a4 Nc6 10. Nb5 $16) (8... Qb6
9. Na3 $5 ({also simply} 9. c4 {should be good}) 9... Nc6 10. Be3 Qxb2 $2 11.
Nab5 Kd8 {might be defensible but looks fairly gruesome.}) 9. Be3 {and Black
will have to lose more time with the queen.}) 8. Bd3 Ng6 9. c4 Be7 10. Nc3 O-O
11. Rb1 Qc7 12. Be3 {Caruana,F (2779)-Gelfand,B (2764) Elancourt 2013, with a
pleasant Marcozy bind position for White.}) 7. Be3 {[%emt 0:01:29]} Be7 {
[%emt 0:02:28]} 8. Be2 {[%emt 0:02:10]} ({The straightforward} 8. Nc3 O-O 9. f4
{is another promising way to play.} a6 10. Bxc6 $1 bxc6 11. Qh5 Qc7 12. Rad1 d6
13. f5 exf5 14. Nxf5 {with good attacking chances.}) 8... O-O {[%emt 0:01:16]}
9. Nc3 {[%emt 0:04:51]} (9. c4 Nxd4 10. Qxd4 Bf6 11. Qd2 b6 12. Nc3 Bb7 13. f3
Qe7 14. a4 {Caruana,F (2779)-Radjabov,T (2723) Bucharest 2013, was another
promising Maroczy bind. What all these games seem to have in common is that
Black is cramped and lacks counterplay. Perhaps wary of an improvement though
on that game, Vachier Lagrave decides to change tack.}) 9... a6 {[%emt 0:03:05]
} (9... b6 $5 {is the suggestion of the computer.} 10. Ndb5 (10. f4 Bc5 $1 ({
but not} 10... Bb7 11. Ndb5 d6 12. a4 a6 13. Na3 {with annoying pressure, as
Nc4 is in the air}) 11. Qd2 Bb7 {looks close to equal.}) 10... a6 $1 11. Nd6
Qc7 12. Nxc8 Rfxc8 {and Black doesn't have any problems. Having looked at a
few Taimanov lines recently I think the key to this opening is the solidity
his pawn structure affords him. Essentially it's very difficult for White to
break down this whole structure of f7-e6-d7 (pawn storms are less effective
than they are in the Najdorf, for example) so as long as Black plays solidly
and doesn't get too fancy, then he'll eventually get good chances.}) 10. a4 $1
{[%emt 0:05:32]} Qc7 {[%emt 0:04:44]} 11. Nb3 {[%emt 0:13:45]} b6 {[%emt 0:03:
47]} 12. f4 {[%emt 0:01:06]} Bb7 {[%emt 0:07:19]} 13. Qd2 {[%emt 0:04:35]} Rad8
{[%emt 0:07:06]} 14. Bd3 {[%emt 0:08:07]} d5 $1 {[%emt 0:16:38] Essentially
correct. Black doesn't hesistate to counter-attack in the centre. Play now
gets very sharp as White looks for chances on the kingside.} 15. exd5 {[%emt 0:
01:08]} exd5 {[%emt 0:01:09]} 16. f5 {[%emt 0:14:36]} Nge5 {[%emt 0:22:32]} 17.
f6 $1 {[%emt 0:01:11] Black is starting to get on top in the centre, so White
needs to play with vigour.} Bxf6 {[%emt 0:01:08]} (17... gxf6 {just looks too
risky without the reward.} 18. Ne2 {with the idea of Ng3-f5 or h5 with
fantastic attacking chances, and one glance at the position can show that
White enjoys more than enough play for a measly pawn.}) 18. Rxf6 {[%emt 0:01:
15]} d4 {[%emt 0:04:33] The safest, even though White can press a little in
the ending.} (18... gxf6 {certainly needs to be calculated, although the black
king is getting worryingly bereft of defenders. White now has any number of
candidate moves, Nd4, Bh6, Rf1, but the most venomous of them is surely 19.Qf2!
} 19. Qf2 $1 (19. Bh6 Rfe8 20. Qf4 Ng6 (20... Nxd3 $4 21. Qg4+) 21. Qxf6 Qe5 {
stops the attack, although even here White should retain reasonable
compensation after} 22. Qf2) (19. Nd4 $6 Nc4 $1 20. Bxc4 dxc4 {and the pin on
the d-file is annoying.}) (19. Rf1 $2 {looks rather slow, because of the
simple reply} d4 $1) 19... Nxd3 20. cxd3 d4 {and now the smart} 21. Ne4 $1 dxe3
22. Nxf6+ Kg7 23. Nh5+ {is a line which looks quite terrifying for Black, but
seems to only be a draw after} Kh6 24. Qf6+ Kxh5 25. Qf5+ (25. Rf1 Rd5 $1 {
and there is certainly no win for White}) 25... Kh6 26. Qf6+ $11) 19. Rxc6 {
[%emt 0:09:45]} Nxc6 {[%emt 0:01:25]} 20. Nxd4 {[%emt 0:01:31]} Nxd4 {[%emt 0:
01:13]} 21. Bxd4 {[%emt 0:00:36]} Rxd4 {[%emt 0:00:34]} 22. Bxh7+ {[%emt 0:00:
39]} Kxh7 {[%emt 0:00:34]} 23. Qxd4 {[%emt 0:00:40]} Re8 {[%emt 0:09:36] Black
is just active enough here to offset White's slight material advantage. From
now on Gelfand plays too accurately to give his opponent any realistic winning
chances.} 24. Rd1 {[%emt 0:04:07]} Re6 $1 {[%emt 0:05:37]} 25. Rd3 {[%emt 0:18:
34]} Rg6 {[%emt 0:08:44]} 26. Rg3 {[%emt 0:10:44]} Rxg3 {[%emt 0:04:36]} 27.
Qh4+ {[%emt 0:00:45]} Kg8 {[%emt 0:06:53]} 28. hxg3 {[%emt 0:06:30]} (28. Qxg3
Qxg3 (28... Qc5+ 29. Qf2 Qb4 $1 {also maintains a rough equality}) 29. hxg3 f6
30. Kf2 Kf7 31. Ne2 Ke6 32. Nd4+ Ke5 33. c3 g6 {and as the White king is
permanently tied to the defence of the g-pawn, creating any winning chances
looks nigh on impossible.}) 28... Qc6 {[%emt 0:04:36]} 29. Qd8+ {[%emt 0:00:43]
} Kh7 {[%emt 0:00:33]} 30. Qh4+ {[%emt 0:01:42]} Kg8 {[%emt 0:01:19]} 31. Qd8+
{[%emt 0:00:35]} Kh7 {[%emt 0:00:33]} 32. Qd3+ {[%emt 0:02:29]} Kg8 {[%emt 0:
01:35]} 33. Qd8+ 1/2-1/2

[Event "FIDE World Cup"]
[Site "Khanty-Mansiysk"]
[Date "2011.09.01"]
[Round "2.2"]
[White "Movsesian, Sergei"]
[Black "Polgar, Judit"]
[Result "0-1"]
[WhiteElo "2700"]
[BlackElo "2699"]
[Annotator "Grivas,E"]
[PlyCount "110"]
[EventDate "2011.08.28"]
[EventType "k.o."]
[EventRounds "7"]
[EventCountry "RUS"]
[SourceTitle "CBM 145"]
[Source "ChessBase"]
[SourceDate "2011.11.11"]
[SourceVersion "1"]
[SourceVersionDate "2011.11.11"]
[SourceQuality "1"]

1. e4 c5 2. Nf3 Nc6 3. Nc3 ({This is a try to avoid variations in the
'Sveshnikov' after} 3. d4 cxd4 4. Nxd4 Nf6 ({or the 'Grivas Sicilian' after} 
4... Qb6) 5. Nc3 e5 {.}) 3... e5 {I think that this is a good reply to
'punish' White's third move. Now the game takes a more positional way, which
doesn't mind Black at all!} 4. Bc4 {White has 'won' square d5 for good, but he
can barely benefit from it, as Black's light pieces can fully control it and
can exchange nearly every piece that will try to occupy it.} d6 5. d3 Be7 6.
Nd2 (6. Ng5 $2 {is a bad tactic:} Bxg5 7. Qh5 Be7 $1 (7... g6 $2 8. Qxg5 Qxg5
9. Bxg5 $14 {Tindall,B-Smirnov,V Sydney 2008}) 8. Qxf7+ Kd7 9. Qxg7 Nf6 $17 {
Adams,M-Coleman,D Plymouth 1989.}) ({The other main line is} 6. O-O Nf6 7. Ng5
O-O 8. f4 h6 9. Nf3 exf4 10. Bxf4 {and now Black has tried many moves as} Be6 {
,} (10... Bg4 {and lately}) (10... Na5 $5 {- I even wrote a survey for CBM
based on this move! With the text move White is securing control over the
square d5, by the manoeuvre Nd2-f1-e3xd5.})) 6... Nf6 7. Nf1 ({Trying to avoid
the next Black's move with} 7. h3 $6 {leads to a disaster for White:} Be6 8.
Nf1 d5 9. exd5 Nxd5 10. Nxd5 Bxd5 11. Ne3 Bxc4 12. Nxc4 O-O 13. a4 Qd5 14. O-O
Rad8 15. Qe1 Nd4 16. Ne3 Qe6 17. Bd2 Bg5 18. Rc1 e4 19. dxe4 Qxe4 20. f3 Qe5
21. Qf2 Ne2+ {0-1 Hossain,E-Grivas,E Elista 1998.}) 7... Bg4 $1 {Before
landing on e6, the black bishop forces the placement of the white f-pawn on f3,
something that White would like to avoid, as he could use this square for his
queen.} 8. f3 Be6 9. Ne3 Qd7 $5 ({A rare move. More often played is} 9... O-O
10. O-O Rb8 (10... Nh5 $5 11. Ncd5 Bg5 12. g3 Bxe3+ 13. Bxe3 Ne7 14. Bg5 Bxd5
15. Bxd5 h6 $13 {Vachier Lagrave,M-Kotronias,V Moscow 2011}) 11. a3 Nd4 (11...
Nd7 12. Ncd5 Bg5 13. c3 b5 14. Ba2 Nb6 15. Nxb6 Rxb6 16. b4 a5 $13 {Emms,
J-Grivas,E Kopavogur 1994}) 12. Ba2 b5 13. Ncd5 Nxd5 14. Bxd5 Bg5 15. Bxe6 Nxe6
$13 {Adams,M-Leko,P Miskolc 2005.}) 10. Ncd5 ({A novelty. Know is} 10. O-O O-O
11. Ncd5 (11. a3 a6 (11... Nd4 $5) 12. Ncd5 Bxd5 13. Nxd5 Nxd5 14. Bxd5 Bf6 $5
(14... Kh8 $6 15. f4 exf4 16. Bxf4 Ne5 17. c3 $14 {Charbonneau,P-Do Lam Hoang
Philadelphia 2004}) 15. c3 Ne7 16. Bb3 d5 $11) 11... Ne8 12. f4 exf4 13. Nxe7+
Nxe7 14. Rxf4 Ng6 15. Rf2 Nc7 16. Qh5 Bxc4 17. Nxc4 d5 18. exd5 Nxd5 19. Bd2
Rae8 $11 {Zaragatski,I-Richter,M Dresden 2002.}) 10... Bd8 $5 ({An interesting
move, clearing the e7 square for the c6 knight, after an eventual capture on
d5. Black seems to face no real opening problems, but I would certainly be
fond of} 10... Bxd5 11. Nxd5 (11. exd5 Na5 $11) 11... Nxd5 12. Bxd5 Bf6 {
with . ..Ne7 to come.}) 11. O-O Bxd5 12. Nxd5 Nxd5 13. Bxd5 Ne7 {As said
beforehand, Black easily cotrolled the weak d5 square with her light pieces,
so no need to care for positional problems...} 14. Bb3 O-O {Black is ready for
the thematical ...d5, so White is obliged to act on the kingside.} 15. f4 $1
exf4 16. Bxf4 d5 17. Qe2 ({I think that White could hold a small advantage,
based on his bishop pair, by the calm} 17. Bg3 $5 Bb6 18. Kh1 $14 {.}) 17...
Bb6 18. Kh1 Rae8 19. exd5 ({This allows Black to centralise her pieces.
Preferable was} 19. Qf3 $1 dxe4 20. dxe4 $14 {.}) 19... Nxd5 20. Qh5 Nxf4 21.
Rxf4 {Opposite coloured bishops appeared on the board, but White's seems to be
more active at the moment, as the f7 square, in touch with the semi-open
f-file, is a target.} g6 22. Qh6 Bd8 $1 {The black bishop returns to the
defence, controlling important squares as h4 and f6, which is a good defending
strategy.} 23. Raf1 $6 ({This offers nothing to White, who had to go for} 23.
Rf3 $1 {forcing Black to be 'creative':} Qd4 $1 (23... Kh8 $2 24. Ba4 $1 $18)
24. Raf1 Re7 25. c3 Qe5 26. a4 $14 {, as it is not easy for Black to get fully
equality.}) 23... Kh8 $1 {A tactical solution, which stops the pressure on f7,
allowing Black to get full equality.} 24. Re4 $6 (24. Bxf7 $2 Rxf7 $1 25. Rxf7
Qxf7 $1 {woulkd justify Black's idea; mate comes on the white back rank!}) ({
But White should have gone for} 24. g4 f6 25. Re4 $11 {.}) 24... f5 $1 25. Re3
Bf6 {Suddenly it is the black bishop that has more targets than its
counterpart!} 26. Rfe1 Bg7 27. Qh4 Rxe3 28. Rxe3 f4 ({Not bad, but good enough
for Black was} 28... b5 $1 29. c3 f4 30. Rf3 Be5 31. Kg1 b4 {when White would
face problems with his queenside pawn structure. But Black, the 'queen of
chess', decided to strip the white king.}) 29. Re4 f3 ({A logical follow-up of
Black's previous move. Nothing is gained by} 29... b5 30. Rxf4 Qe8 31. Rxf8+
Qxf8 32. Qe1 Bxb2 33. Qe2 $11 {.}) 30. gxf3 Rxf3 31. Be6 $6 ({White was
obliged to handle this certain position tactically, before he falls into
passivity. He should have found} 31. Re7 $1 Qd6 32. Qc4 $1 Rf8 33. Rxb7 Bd4 34.
Rf7 $1 Qc6+ 35. Qd5 Qxd5+ 36. Bxd5 Rxf7 37. Bxf7 Bxb2 $11 {, a variation which
justifies the option of 28...b5!.}) 31... Qd6 {Now White is in trouble.} 32.
Bg4 $6 ({Another slight inaccuracy. White should have tried} 32. Kg2 Rf8 33.
Qg3 Qb6 $1 (33... Qxg3+ 34. hxg3 Bxb2 $15) 34. b3 Qc6 $15 {.}) 32... Rf8 33.
Qe7 ({Not much of a choice. If} 33. b3 {then} Bd4 34. Bh3 b6 $17 {.}) 33... Qb6
$1 34. b3 Qa5 {Black found a way to penetrate into White's position and king;
her queen is quite active for that purpose...} 35. Re2 $1 ({White cannot save
his a-pawn with} 35. a4 $2 {as after} Qd2 36. Re2 Qd1+ 37. Kg2 Qf1+ 38. Kg3
Qf4+ 39. Kh3 h5 $1 {is curtains.}) 35... Qxa2 36. Qxc5 Qa1+ 37. Qg1 Qc3 (37...
Qf6 $5 38. c4 a5 $15 {looks good as well.}) 38. Bh3 a5 $1 {Threatening ...b5
and ...a4, when a new black queen will soon appear on the board.} 39. Qe1 $1
Qc5 $1 ({White holds after the naive} 39... Qxe1+ $2 40. Rxe1 Bc3 41. Re2 b5
42. Bd7 $1 {Black should keep the queens on board in order to combine attack
on the white king and pressure on the queenside.}) 40. c4 ({A natural move to
stop the expansion on the queenside with ...b5, but White could think of} 40.
Bg2 Bc3 (40... b5 $2 41. Qxa5) 41. Qg1 Qc7 42. Re4 b5 $15 {.}) 40... b5 $1 {
Anyway!} 41. cxb5 ({Not much to do again, as after} 41. Bg2 a4 42. bxa4 bxa4
43. Ra2 Qa7 (43... a3 $6 44. Qc1 $1 Bb2 $2 45. Rxb2 axb2 46. Qxb2+ Kg8 47. Bd5+
$18) 44. Qc1 Bd4 $17 {the white central pawns are blocked, while the lonely
black a-pawn is a strong passer.}) 41... Qxb5 42. Bg2 $6 ({Good or bad, White
had to protect his pawns with} 42. Qd1 {Then Black could go for} Qh5 $1 43. Bg2
Be5 44. h3 Rf2 $1 45. Rd2 Qxd1+ 46. Rxd1 Rb2 47. Re1 Bf4 48. Rf1 g5 49. Ra1
Rxb3 50. Be4 (50. Rxa5 $2 Rb1+ $19) 50... Bc7 $17 {.}) 42... Qxb3 {The
material gain is not so important - it is the clear way of the black a-pawn to
its queening square.} 43. Re8 Qb2 $1 44. Bd5 ({Or} 44. Rxf8+ Bxf8 45. Bd5 (45.
Qxa5 $2 Qc1+) 45... Qf6 {.}) 44... Qf6 $1 45. Rxf8+ Bxf8 46. h3 Bd6 {White is
lost. Black will combine mating threats on the white king with her queen and
bishop, and at the same time pushing her a-pawn to queening. White will not be
in a position to cope with all of these nasty facts.} 47. Bg2 Qf4 48. Kg1 a4
49. Qc3+ Be5 50. Qa3 (50. Qc8+ Kg7 51. Qb7+ Kh6 52. Qf3 Qc1+ 53. Qf1 Bd4+ 54.
Kh1 Qxf1+ 55. Bxf1 a3 {is a typical variation.}) 50... Kg7 ({Also winning, but
here Black missed a mate:} 50... Bd4+ 51. Kh1 g5 $1 {(zugzwang!!)} 52. Qe7 Qc1+
53. Kh2 Bg1+ 54. Kh1 (54. Kg3 Qf4# {shows the idea of 51...g5!!}) 54... Be3+
55. Kh2 Bf4# {.}) 51. Qe7+ Kh6 52. Qa3 Bd4+ 53. Kh1 Qf2 ({Again} 53... g5 {
leads to mate but this is not so important any more.}) 54. Qc1+ Be3 55. Qa1 a3
(55... a3 {And White resigned due to} 56. Bd5 (56. Bc6 a2 57. Bg2 Qg1+ 58. Qxg1
Bxg1) 56... a2 $1 57. Bxa2 Qf3+ 58. Kh2 Bf4+ 59. Kg1 Qg3+ 60. Kf1 (60. Kh1 Qh2#
) 60... Qxh3+ 61. Kf2 Qe3+ 62. Kf1 Qf3+ 63. Ke1 (63. Kg1 Be3+ 64. Kh2 Qf2+ 65.
Kh1 Qh4+ 66. Kg2 Qg4+ 67. Kf1 Qf3+ 68. Ke1 Qf2+ 69. Kd1 Qd2#) 63... Qh1+ 64.
Ke2 Qxa1 {Opposite coloured bishops themes have no match when an attack is
available!}) 0-1

[Event "Wch U18"]
[Site "Al Ain"]
[Date "2013.12.28"]
[Round "11"]
[White "Grover, Sahaj"]
[Black "Goryachkina, Aleksandra"]
[Result "1-0"]
[WhiteElo "2485"]
[BlackElo "2428"]
[Annotator "Grover,S"]
[PlyCount "115"]
[EventDate "2013.12.18"]
[EventType "swiss"]
[EventRounds "11"]
[EventCountry "UAE"]
[SourceTitle "CBM 158"]
[Source "ChessBase"]
[SourceDate "2014.01.16"]
[SourceVersion "1"]
[SourceVersionDate "2014.01.16"]
[SourceQuality "1"]

{The last round of the world under-18 championship against the reigning World
junior girls' champion.} 1. e4 c5 2. Nf3 Nc6 3. Nc3 e5 {I had been playing so
badly in the championship that I could only derive a very little happiness
from getting one of my favourite position.} 4. Bc4 d6 5. d3 Be7 6. O-O Nf6 {
Aleksandra goes for the principled continuation.} 7. Ng5 O-O 8. f4 Bg4 9. Qe1
exf4 10. Bxf4 Nd4 11. Qd2 {We are pretty much in existing theory and I have
also played this position before a few times.} Qd7 12. Be3 h6 13. Nf3 Nxf3+ 14.
gxf3 Be6 {According to my database, in the last seven years Black has won only
one game in this position. And it happened after 14... Be6!} 15. Kh1 Kh8 {
However this seems a bit out of place. 15...Kh7 with the idea ...Qe8 has been
played before and is a possible option.} 16. Bxe6 fxe6 17. Qg2 Rg8 18. Rg1 {
With enjoys a small but lasting advantage.} Raf8 19. Ne2 Bd8 (19... d5 20. e5
Nh7 21. c3 Qe8 22. d4 Qf7 23. Raf1 c4 24. Qh3 {doesn't change much, White
remains slightly better and there is also some intiative now.}) 20. Qh3 e5 {
Consistent. But the resulting endgame is preferable for White. For once I was
enjoying my position!} 21. Qxd7 Nxd7 22. f4 exf4 23. Bxf4 Be7 (23... Rf6 {
was probably a bit better with the idea of doubling the rooks on f-file} 24.
Bg3 Rgf8 25. Nc3 $14) 24. Kg2 Rf7 25. Bg3 Rd8 26. Nf4 {Somehow I was not able
to criticise myself even though I wanted to. The position is pleasant, White
has to keep improving and it's a long way to home. All the same, given my play
in the tournament, I was a bit apprehensive about technique.} Nf8 27. Rgf1 Kg8
28. Nd5 Rxf1 29. Rxf1 Ng6 30. Kh3 {So far so good. White continues along the
right path.} Rd7 31. Kg4 Bd8 32. Kh5 Ne7 33. Nf4 $6 {Finally showing my true
colours :-) it would have been ideal to get rid of the knights here!} (33.
Nxe7+ Bxe7 34. Kg6 Bd8 35. Rf5 Re7 36. Rd5 Re6+ 37. Kf5 Rf6+ 38. Kg4 Bc7 39. e5
{would have won much quicker.}) 33... Nc6 34. c3 $2 {Again. Consistent. One
bad move follows another.} (34. Ng6 Bf6 35. Bh4 {Keeps the momentum in White's
favour.}) 34... Rf7 35. Rd1 Bf6 {Black is back in business. I still believed
myself to be a bit better.} 36. Ng6 Be5 37. Nxe5 dxe5 {Having missed many
favourable exchanges in the past, we finally dilute the position.} 38. b4 {
After coming back home and checking it through an engine I could not help but
smile. In three moves, a good += turns opposite according to engines. This is
indeed consistency!} cxb4 39. cxb4 a6 {Aleksandra returns the favour.} 40. Rb1
Rd7 41. b5 axb5 42. Rxb5 {Its all hard work for White again.} Kf7 43. a4 Kf6
44. Rb3 Kf7 45. Rb6 Re7 46. Rb5 Rd7 47. a5 Re7 48. Rd5 {Only after making this
move did I feel confident that things were under control.} Kf8 49. Rc5 Re6 50.
Rd5 Re8 51. Rd7 Nxa5 52. Kg6 Nc6 53. Rf7+ {Finally its all over for Black.} Kg8
54. Rxg7+ Kf8 55. Rf7+ Kg8 56. Bh4 Nd8 57. Rg7+ Kf8 58. Rh7 1-0